=LDR 00000nam 2200000 4500 =001 INLIS000000000037781 =005 20141030114123.0 =006 =007 =008 Ind =035 ##$$a 0010-061300000037781 =041 ##$$a Ind =082 ##$$a 650.1 =090 ##$$a 650.1, Yud m =100 ##$$a Yudantara, I Ketut Gede =245 ##$$a Mengubah ketidak pastian menjadi kekuatan, kiat mengelola menjadi kesuksesan dalam kehidupan bisnis dan pasar, I Ketut Gede Yudantara ; editor, baban Sarbana =260 ##$$a 2006 $b Jakarta =300 ##$$a xv, 179 hlm, 21 cm =650 ##$$a Sukses-aspek bisnis =850 ##$$a NBPNMAT =990 ##$$a 21194791/BPAP-NTB/2014